000 00850nam a22002535i 4500
001 177799
003 ES-MaACL
005 20250808062128.0
008 110427s1975 fr ab |||| | fre d
020 _a2-02-000671-5
080 _a94(44)"1870/1914"
100 1 _aRebérioux, Madelaine.
_9146281
245 1 3 _aLa République radicale?
_b: 1898-1914.
260 _a[París] :
_bÉditions du Seuil,
_cD. L. 1975.
300 _a255 p. :
_bil. bl. y n. ;
_c18 cm.
490 1 _aNouvelle histoire de la France contemporaine ;
_v11
500 _aÍndices.
504 _aBibliografía: p. 240-249.
546 _aTexto en francés.
651 7 _aFrancia-
_xHistoria-
_y1870-1914
_2
_9146280
830 0 0 _aNouvelle histoire de la France contemporaine
_v11
_9190594
852 _aES-MaACL
_jE-15002
_xOlim P-123
999 _c177799
_d177799